| 000 | 00437nam a22001337a 4500 | ||
|---|---|---|---|
| 005 | 20250927161135.0 | ||
| 008 | 250927b |||||||| |||| 00| 0 eng d | ||
| 020 |
_a9781932565478 _qpbk |
||
| 041 | _aeng | ||
| 082 |
_a155.911 _bARN |
||
| 100 | _aArnwine ,Bonnie Olivia Mccoy | ||
| 245 |
_aStarting Sensory Integration Therapy : Fun Activities That Won't Destroy Your Home Or Classroom! _c/Bonnie Arnwine, Olivia McCoy |
||
| 942 | _cENGLISH | ||
| 999 |
_c589949 _d589949 |
||